MARC

LEADER 00000nam0a2200000 4500
001 195549
005 20231031182852.0
035 |a (RuTPU)RU\TPU\book\213347 
090 |a 195549 
100 |a 20110511d1972 k y0rusy50 ca 
101 0 |a rus 
102 |a RU 
105 |a a z 001zy 
200 1 |a Геология и минералогия Дарусанского золоторудного региона  |f Д. А. Тимофеевский  |g Центральный научно-исследовательский геологоразведочный институт цветных и благородных металлов (ЦНИГРИ) 
210 |a Москва  |c Недра  |d 1972 
215 |a 260 с.  |c ил. 
225 1 |a Труды ЦНИГРИ  |v Вып. 98 
320 |a Библиогр.: с. 252-258. 
610 1 |a Дарасунский регион 
610 1 |a геологическое строение 
610 1 |a оруденение 
610 1 |a геология 
610 1 |a минералогия 
610 1 |a генезис 
675 |a 553.411(571.55)  |v 3 
700 1 |a Тимофеевский  |b Д. А.  |g Дмитрий Александрович 
712 0 2 |a Центральный научно-исследовательский геологоразведочный институт цветных и благородных металлов (ЦНИГРИ)  |c (Москва)  |2 stltpush  |3 (RuTPU)RU\TPU\col\15668 
801 1 |a RU  |b 63413507  |c 20110511 
801 2 |a RU  |b 63413507  |c 20111206  |g RCR 
942 |c BK